[Event "BAN-chT Golden Jubilee 2021-22"]
[Site "Dhaka"]
[Date "2022.03.18"]
[Round "9.5"]
[White "Hossain, Showkat Pollab"]
[Black "Shawket Bin, Osman Shaon"]
[Result "1/2-1/2"]
[WhiteElo "2037"]
[BlackElo "2065"]
[Annotator "TA"]
[PlyCount "192"]
[EventDate "2022.03.10"]
[EventType "team-tourn"]
[EventCountry "BAN"]
[SourceTitle "playchess.com"]
[Source "ChessBase"]
[SourceQuality "1"]

{[%evp 13,192,-17,0,-14,-27,-27,-3,0,0,3,9,14,22,0,0,0,0,0,0,-1,7,-31,-12,-8,0,-10,9,0,17,11,22,-51,-47,-65,-13,-25,32,22,99,106,99,45,82,67,57,60,234,233,231,-60,132,121,142,113,979,980,958,908,842,307,296,281,913,915,870,859,879,447,537,447,447,447,447,447,538,447,440,433,433,433,429,427,384,357,478,470,354,170,170,111,111,87,111,111,111,111,111,111,111,111,111,111,111,111,111,111,111,111,111,0,111,0,0,0,0,0,0,0,0,2,2,0,20,2,2,2,2,2,2,0,2,0,20,0,20,0,20,20,20,20,20,20,20,20,20,0,0,0,0,0,0,0,0,0,0,0,0,0,0,0,0,0,0,0,0,0,0,0,0,0,0,0,0,0,0,0,0,0,0,0,0]} 1. e4 c5 2. Nf3 e6 3. d3 Nc6 4. g3 g6 5. Bg2 Bg7 6. O-O Nge7 7. Qe2 d6 8. Nbd2 {C00: French: Unusual White 2nd moves.} O-O 9. a4 Qc7 10. c3 {[#]} Bd7 $146 ({Predecessor:} 10... a6 11. Nc4 b6 12. Bf4 e5 13. Bd2 h6 14. b4 Bd7 15. a5 bxa5 16. bxa5 Be6 17. Nb6 {½-½ (31) Ghatti,S (2024)-Regam,J (2031) Orlando 2014}) 11. Nc4 b6 12. h4 a6 13. Bf4 (13. h5 $5) 13... e5 $1 14. Bd2 b5 15. axb5 axb5 16. Na3 Qb7 17. Qd1 Na5 18. Bg5 f6 19. Be3 Be6 20. Nd2 Nec6 21. f4 b4 22. cxb4 (22. Nac4 $11) 22... Nxb4 23. Ndc4 Qc6 (23... Ra6 $15) 24. Rc1 Nb7 (24... Rfd8 $11) 25. Nc2 $14 Na6 (25... Nxc2 $1 $11 {remains equal.} 26. Rxc2 Ra2) 26. f5 $16 Bf7 27. Qd2 (27. g4 $16) 27... Rad8 28. fxg6 {White is more active.} hxg6 29. Bh6 d5 $2 (29... Be6 $1 $14) 30. Bxg7 Kxg7 {[#]} 31. Na5 ({White should play} 31. N2e3 $1 $18 dxc4 32. Ng4) 31... Qb6 $2 (31... Nxa5 $15 {stays ahead.} 32. Qxa5 dxe4 33. Bxe4 Qd6) 32. Nxb7 Qxb7 33. Ne3 $1 $40 {[%mdl 128] Strongly threatening Ng4. White goes for the king.} ({But not} 33. Qf2 $6 Qb6 $11) 33... dxe4 $2 {[%mdl 8192]} (33... Qb4 $16 34. Qf2 Qb6) 34. Ng4 $18 Rh8 {Inhibits Qh6+.} 35. Rxf6 Qd7 36. Nxe5 $2 ({Stronger than} 36. Rxa6 Qxg4 37. Qf2 exd3 38. Qf6+ Kh6 $11) (36. Qg5 Rh5 37. Rxf7+ $1 {[%mdl 512]} Qxf7 38. Qxd8) 36... Qd4+ 37. Qf2 {Dancing on a razor blade.} Qxe5 $2 (37... Qxf2+ 38. Rxf2 Bb3 39. Bxe4 Rd6) 38. Rxf7+ Kg8 39. Bxe4 {Black must now prevent Rf1.} Qd4 40. Rf1 {aiming for Qxd4.} Rh6 41. Kg2 {Rf8+ would kill now.} Qxf2+ 42. R1xf2 Nb4 43. R7f6 Kg7 44. R2f3 Nc2 45. Rf7+ Kg8 46. R3f6 g5 47. Rxh6 {White threatens Rb7 and mate.} Kxf7 48. hxg5 {[%mdl 4096] Endgame KRB-KRN} Ne1+ 49. Kh3 Nxd3 50. Bxd3 (50. Bf5 $142) 50... Rxd3 {KR-KR} 51. Rc6 (51. Kg4 $18) 51... Rb3 $16 52. Rxc5 Rxb2 53. Kg4 Kg7 54. Rc6 Ra2 55. Rh6 Ra1 56. Rh2 Kg6 {[#]} 57. Rf2 $1 Ra4+ 58. Rf4 Ra1 59. Rb4 Rc1 60. Rb6+ Kg7 61. Kh3 (61. Ra6 $16) 61... Ra1 (61... Rh1+ $1 $11 62. Kg4 Ra1) 62. g4 (62. Rd6 $16) 62... Ra2 {The position is equal.} 63. Kh4 Rh2+ 64. Kg3 Ra2 65. Rh6 Ra3+ 66. Kh4 Ra1 67. Rf6 Ra3 68. Rf2 Ra1 69. Rb2 Rh1+ 70. Kg3 Ra1 71. Rb6 Ra2 72. g6 Ra1 73. Re6 Rb1 74. Kf4 Ra1 75. Kg5 {Hoping for Re5.} Ra5+ 76. Kh4 Ra1 77. Kh5 {Re7+ is the strong threat.} Ra5+ $1 78. g5 Ra7 {To avoid Re7+} 79. Rf6 {[%cal Of6f7] Threatening mate with Rf7+!} Ra1 80. Rf7+ Kg8 81. Rf6 Rh1+ 82. Kg4 Rg1+ 83. Kf4 Rf1+ 84. Ke5 Re1+ 85. Kf5 Rf1+ 86. Ke4 Rg1 87. Kf4 (87. g7 $5) 87... Rf1+ 88. Ke3 Rg1 89. Rf5 Kg7 90. Kf4 Rf1+ 91. Kg4 Rg1+ 92. Kf4 Rf1+ 93. Ke4 Re1+ 94. Kf4 Rf1+ 95. Kg4 Rg1+ 96. Kh4 Rh1+ {Black defended with fortune.  Weighted Error Value: White=0.43/Black=0.33} 1/2-1/2

[Event "BAN-chT Golden Jubilee 2021-22"]
[Site "Dhaka"]
[Date "2022.03.18"]
[Round "9.6"]
[White "Aditya Mittal"]
[Black "Ghosh, Diptayan"]
[Result "1-0"]
[WhiteElo "2487"]
[BlackElo "2541"]
[Annotator "TA"]
[PlyCount "71"]
[EventDate "2022.03.10"]
[EventType "team-tourn"]
[EventCountry "BAN"]
[SourceTitle "playchess.com"]
[Source "ChessBase"]
[SourceQuality "1"]

{[%evp 19,71,0,7,0,0,1,0,0,1,25,18,9,37,11,59,0,0,0,0,0,29,31,29,27,70,39,27,0,97,39,144,117,104,118,328,326,330,324,303,249,537,568,562,572,1095,1072,1080,1077,1261,1261,1057,1049,2440,2012]} 1. d4 Nf6 2. c4 e6 3. Nc3 Bb4 4. Nf3 b6 5. e3 Bb7 6. Bd3 O-O 7. O-O d5 8. cxd5 exd5 9. Ne5 Be7 {9...Bd6 is setting a new trend.} 10. f4 c5 11. g4 {E52: Nimzo-Indian: Rubinstein: 4...0-0 5 Nf3 d5 6 Bd3 b6.} Nbd7 12. Qf3 cxd4 13. exd4 {[#] The position is equal.} Bb4 $146 ({Predecessor:} 13... Ne4 14. Be3 Nxe5 15. fxe5 Nxc3 16. bxc3 Rc8 17. Rac1 g6 18. Rc2 Bg5 19. Bf2 Qe7 {1-0 (47) Fernandez,M (2229)-Dylag,E (1956) Warsaw 2021}) 14. Ne2 Ne4 15. Ng3 Kh8 (15... f6 $2 16. Bxe4 dxe4 17. Qb3+ Kh8 18. Nxd7 (18. Qxb4 fxe5 19. dxe5 Qh4 $11) 18... Qxd7 19. Qxb4 $18) 16. g5 (16. Nxe4 dxe4 17. Bxe4 Nxe5 18. fxe5 Qxd4+ 19. Be3 Qxe4 $15) 16... f5 (16... Rc8 $1 $11) 17. g6 (17. Qg2 $14) 17... Nxe5 $11 18. fxe5 {Intending Qh5 and mate.} hxg6 19. Ne2 Qh4 {Hoping for ...g5.} 20. Nf4 Kh7 21. Qg2 Qg4 (21... g5 $11 {feels stronger.} 22. Ne6 Be7) 22. Qxg4 fxg4 23. Be3 Be7 {[#]} (23... Bd2 $1 $11 {remains equal.} 24. Ng2 (24. Bxd2 Nxd2 25. Rf2 Nf3+ 26. Rxf3 gxf3 $11) 24... Bxe3+ 25. Nxe3 Ng5 26. Rxf8 Rxf8) 24. Rad1 (24. Ne6 $1 $16 {[%cal Re6f8]} Rxf1+ 25. Rxf1) 24... Rf5 (24... Bg5 $14) 25. Rc1 {Rc7 is the strong threat.} Bg5 26. Rc7 Bxf4 $2 {This move loses the game for Black.} (26... Rb8 $16) 27. Rxf4 $18 (27. Bxf4 Bc8 $16) 27... Rxf4 28. Bxf4 Rf8 29. Be3 ({Not} 29. Rxb7 Rxf4 30. Bxe4 (30. Rxa7 Ng5 $15) 30... dxe4 $11) 29... Bc8 (29... Rf3 {is a better defense.} 30. Bxe4 (30. Rxb7 Rxe3 31. Bxe4 Rxe4 $14) 30... Rxe3) 30. Bxe4 {White is clearly winning.} dxe4 {[%mdl 4096] Endgame KRB-KRB} 31. d5 {Prevents Be6.} Ba6 32. e6 {[%cal Be5e6,Be6e7][%mdl 32]} Rf1+ 33. Kg2 {Strongly threatening e7.} Rf3 {[#]} 34. e7 $1 Bf1+ 35. Kg1 Bb5 {[#]} 36. Rc6 $1 {[%mdl 512] Weighted Error Value: White=0.15 (very precise) /Black=0.57} 1-0

[Event "BAN-chT Golden Jubilee 2021-22"]
[Site "Dhaka"]
[Date "2022.03.18"]
[Round "9.7"]
[White "Shyam, Sundar M."]
[Black "Pranav Vijay"]
[Result "1/2-1/2"]
[WhiteElo "2528"]
[BlackElo "2265"]
[Annotator "TA"]
[PlyCount "60"]
[EventDate "2022.03.10"]
[EventType "team-tourn"]
[EventCountry "BAN"]
[SourceTitle "playchess.com"]
[Source "ChessBase"]
[SourceQuality "1"]

{[%evp 18,60,15,0,30,25,15,24,8,12,27,33,27,27,41,41,41,35,31,32,41,21,80,5,5,8,10,0,0,0,0,0,0,0,0,0,0,0,0,0,0,0,0,0,0]} 1. d4 Nf6 2. Nf3 e6 3. e3 d5 4. Bd3 c5 5. O-O Nc6 6. c3 Bd6 7. Nbd2 O-O 8. dxc5 Bxc5 9. b4 Bd6 10. Bb2 e5 {And now ...e4 would win. D05: Colle System with ...e6.} 11. e4 Bg4 12. h3 Bh5 {White has an edge.} 13. Re1 {[#]} dxe4 $146 ({Predecessor:} 13... Bc7 14. exd5 Qxd5 15. Bf1 Rad8 16. b5 e4 17. Nxe4 Qxe4 18. Rxe4 Rxd1 19. Rxd1 Nxe4 20. bxc6 bxc6 21. g4 Bg6 22. Nd4 Rb8 23. Ba1 Bb6 24. f3 Ng5 {½-½ (24) Doppelhammer,H (2288)-Wukits,R (2357) ICCF email 2014}) 14. Nxe4 Nxe4 15. Bxe4 f5 16. Bxc6 bxc6 17. Qb3+ $1 Bf7 18. c4 e4 19. Ne5 Qc7 {[#]} (19... Bxe5 $11 20. Bxe5 Qh4) 20. Nxf7 {White is more active.} (20. Nxc6 $1 $16 {White wants to play b5.} Bh2+ 21. Kh1) 20... Qxf7 $11 {The position is equal.} 21. c5 Bc7 22. Rad1 {Threatens to win with Rd7.} Qxb3 23. axb3 Rfd8 24. g4 g6 25. Bf6 Rxd1 26. Rxd1 {aiming for Rd7.} Kf7 27. Rd7+ Kxf6 28. Rxc7 Rb8 29. Rxc6+ Ke5 30. gxf5 gxf5 {Weighted Error Value: White=0.06 (flawless) /Black=0.09 (flawless)} 1/2-1/2

[Event "BAN-chT Golden Jubilee 2021-22"]
[Site "Dhaka"]
[Date "2022.03.18"]
[Round "9.8"]
[White "Chatterjee, Debaraj"]
[Black "Ahmed, Shafiq"]
[Result "1/2-1/2"]
[WhiteElo "2196"]
[BlackElo "2106"]
[Annotator "ChessBase"]
[PlyCount "83"]
[EventDate "2022.03.10"]
[EventType "team-tourn"]
[EventCountry "BAN"]
[SourceTitle "playchess.com"]
[Source "ChessBase"]
[SourceQuality "1"]
[TimeControl "40/5400+30:1800+30"]

1. d4 {[%emt 0:02:20]} d5 {[%emt 0:00:44]} 2. c4 {[%emt 0:00:19]} c6 {[%emt 0:00:04]} 3. Nf3 {[%emt 0:00:07]} Nf6 {[%emt 0:01:30]} 4. e3 {[%emt 0:00:12]} Bg4 {[%emt 0:00:44]} 5. Qb3 {[%emt 0:02:38]} Qb6 {[%emt 0:00:38]} 6. Ne5 {[%emt 0:01:57]} e6 {[%emt 0:07:24]} 7. Nxg4 {[%emt 0:06:22]} Nxg4 {[%emt 0:00:10]} 8. Nc3 {[%emt 0:00:26]} f5 {[%emt 0:11:40]} 9. Qc2 {[%emt 0:02:03]} g6 {[%emt 0:00:40]} 10. Bd2 {[%emt 0:08:14]} Nd7 {[%emt 0:01:27]} 11. Bd3 {[%emt 0:07:57]} Ngf6 {[%emt 0:10:59]} 12. O-O-O {[%emt 0:09:16]} Be7 {[%emt 0:03:45]} 13. Kb1 {[%emt 0:00:16]} a6 {[%emt 0:10:14]} 14. f3 {[%emt 0:10:08]} Qa7 {[%emt 0:05:06]} 15. h4 {[%emt 0:04:14]} b5 {[%emt 0:01:24]} 16. cxd5 {[%emt 0:00:37]} cxd5 {[%emt 0:03:29]} 17. Ne2 {[%emt 0:03:47]} Kf7 {[%emt 0:01:13]} 18. Rc1 {[%emt 0:02:31]} Nb6 {[%emt 0:02:02]} 19. Qc7 {[%emt 0:12:20]} Nc4 {[%emt 0:02:11]} 20. Qxa7 {[%emt 0:00:29]} Rxa7 {[%emt 0:00:27]} 21. Rc2 {[%emt 0:02:06]} Rc7 {[%emt 0:07:02]} 22. Bc1 {[%emt 0:02:14]} Rhc8 {[%emt 0:00:19]} 23. Nf4 {[%emt 0:05:38]} Bd6 {[%emt 0:03:11]} 24. g3 {[%emt 0:03:11]} h6 {[%emt 0:12:21]} 25. Rhh2 {[%emt 0:05:08]} Nb6 {[%emt 0:02:37]} 26. Rxc7+ {[%emt 0:01:03]} Rxc7 {[%emt 0:00:03]} 27. b3 {[%emt 0:00:40]} g5 {[%emt 0:06:55]} 28. hxg5 {[%emt 0:00:09]} hxg5 {[%emt 0:00:57]} 29. Nh5 {[%emt 0:02:28]} Nxh5 {[%emt 0:02:42]} 30. Rxh5 {[%emt 0:00:13]} Bxg3 {[%emt 0:00:27]} 31. Rxg5 {[%emt 0:01:31]} Bh4 {[%emt 0:01:02]} 32. Rh5 {[%emt 0:00:24]} Bf6 {[%emt 0:00:08]} 33. Bd2 {[%emt 0:02:03]} Kg6 {[%emt 0:00:42]} 34. Rh1 {[%emt 0:00:33]} Rc6 {[%emt 0:00:40]} 35. Ba5 {[%emt 0:01:27]} Nc8 {[%emt 0:00:25]} 36. Bd2 {[%emt 0:02:27]} Nd6 {[%emt 0:00:17]} 37. Rh2 {[%emt 0:00:39]} Kg7 {[%emt 0:00:46]} 38. Re2 {[%emt 0:00:14]} Kf7 {[%emt 0:00:43]} 39. Re1 {[%emt 0:00:50]} Kg7 {[%emt 0:00:29]} 40. Rc1 {[%emt 0:00:00]} Rxc1+ {[%emt 0:00:00]} 41. Kxc1 {[%emt 0:00:46]} f4 {[%emt 0:01:31]} 42. e4 {[%emt 0:11:42]} 1/2-1/2

[Event "BAN-chT Golden Jubilee 2021-22"]
[Site "Dhaka"]
[Date "2022.03.18"]
[Round "9.9"]
[White "Abu Sufian, Shakil"]
[Black "Uddin, Saif"]
[Result "1/2-1/2"]
[WhiteElo "2232"]
[BlackElo "1943"]
[Annotator "ChessBase"]
[PlyCount "91"]
[EventDate "2022.03.10"]
[EventType "team-tourn"]
[EventCountry "BAN"]
[SourceTitle "playchess.com"]
[Source "ChessBase"]
[SourceQuality "1"]
[TimeControl "40/5400+30:1800+30"]

1. e4 {[%emt 0:00:04]} e5 {[%emt 0:08:21]} 2. Nf3 {[%emt 0:00:11]} Nc6 {[%emt 0:00:07]} 3. Bc4 {[%emt 0:00:22]} Be7 {[%emt 0:00:51]} 4. d4 {[%emt 0:00:08]} exd4 {[%emt 0:00:22]} 5. Nxd4 {[%emt 0:00:07]} d6 {[%emt 0:00:26]} 6. O-O {[%emt 0:02:13]} Nf6 {[%emt 0:00:25]} 7. Nc3 {[%emt 0:00:56]} O-O {[%emt 0:00:33]} 8. Nxc6 {[%emt 0:03:46]} bxc6 {[%emt 0:00:39]} 9. Re1 {[%emt 0:07:12]} Nd7 {[%emt 0:06:26]} 10. f4 {[%emt 0:14:48]} Bf6 {[%emt 0:04:04]} 11. Be3 {[%emt 0:05:47]} a5 {[%emt 0:01:34]} 12. Bd4 {[%emt 0:00:52]} Nb6 {[%emt 0:02:36]} 13. Bf1 {[%emt 0:02:45]} c5 {[%emt 0:03:15]} 14. Bxf6 {[%emt 0:07:08]} Qxf6 {[%emt 0:00:30]} 15. g3 {[%emt 0:00:04]} Rb8 {[%emt 0:03:59]} 16. Qd2 {[%emt 0:07:39]} a4 {[%emt 0:07:45]} 17. b3 {[%emt 0:02:31]} axb3 {[%emt 0:04:27]} 18. cxb3 {[%emt 0:03:15]} Be6 {[%emt 0:01:29]} 19. e5 {[%emt 0:08:28]} dxe5 {[%emt 0:05:28]} 20. fxe5 {[%emt 0:03:44]} Qe7 {[%emt 0:00:20]} 21. Ne4 {[%emt 0:08:18]} Rfd8 {[%emt 0:01:08]} 22. Qc3 {[%emt 0:00:35]} c4 {[%emt 0:05:47]} 23. bxc4 {[%emt 0:00:50]} Na4 {[%emt 0:00:34]} 24. Qc2 {[%emt 0:01:58]} Nc5 {[%emt 0:02:44]} 25. Nxc5 {[%emt 0:00:44]} Qxc5+ {[%emt 0:00:01]} 26. Qf2 {[%emt 0:00:10]} Qa5 {[%emt 0:01:18]} 27. c5 {[%emt 0:07:01]} Rd2 {[%emt 0:03:52]} 28. Re2 {[%emt 0:00:14]} Rxe2 {[%emt 0:01:33]} 29. Bxe2 {[%emt 0:00:05]} Qc3 {[%emt 0:02:57]} 30. Rd1 {[%emt 0:00:38]} Qxe5 {[%emt 0:01:28]} 31. Qd4 {[%emt 0:00:26]} Qxd4+ 32. Rxd4 {[%emt 0:00:01]} Kf8 {[%emt 0:01:36]} 33. a4 {[%emt 0:00:48]} Rb1+ {[%emt 0:03:31]} 34. Kf2 {[%emt 0:02:27]} Ra1 {[%emt 0:06:49]} 35. h4 {[%emt 0:00:16]} Ke7 {[%emt 0:00:09]} 36. Bb5 {[%emt 0:00:37]} Rc1 {[%emt 0:03:24]} 37. c6 {[%emt 0:00:20]} Ra1 {[%emt 0:01:14]} 38. Ke3 {[%emt 0:05:06]} h6 {[%emt 0:01:05]} 39. Kd2 {[%emt 0:02:16]} g5 {[%emt 0:01:10]} 40. hxg5 {[%emt 0:00:00]} hxg5 {[%emt 0:00:00]} 41. g4 {[%emt 0:00:51]} Ra3 {[%emt 0:08:39]} 42. Kc2 {[%emt 0:00:23]} f6 {[%emt 0:09:02]} 43. Kb2 {[%emt 0:01:43]} Rb3+ {[%emt 0:00:24]} 44. Kc2 {[%emt 0:00:54]} Ra3 {[%emt 0:00:32]} 45. Kb2 {[%emt 0:00:07]} Rb3+ {[%emt 0:00:11]} 46. Kc2 {[%emt 0:00:11]} 1/2-1/2

[Event "BAN-chT Golden Jubilee 2021-22"]
[Site "Dhaka"]
[Date "2022.03.18"]
[Round "9.10"]
[White "Mohammed Abdul, Malek"]
[Black "Zia, Tahsin Tajwar"]
[Result "1-0"]
[WhiteElo "2148"]
[BlackElo "2283"]
[Annotator "ChessBase"]
[PlyCount "81"]
[EventDate "2022.03.10"]
[EventType "team-tourn"]
[EventCountry "BAN"]
[SourceTitle "playchess.com"]
[Source "ChessBase"]
[SourceQuality "1"]
[TimeControl "40/5400+30:1800+30"]

1. Nf3 {[%emt 0:07:10]} d5 {[%emt 0:00:17]} 2. c4 {[%emt 0:00:32]} e6 {[%emt 0:01:03]} 3. g3 {[%emt 0:02:39]} Nf6 {[%emt 0:01:33]} 4. Bg2 {[%emt 0:01:28]} Be7 {[%emt 0:01:15]} 5. d4 {[%emt 0:00:46]} O-O {[%emt 0:00:26]} 6. O-O {[%emt 0:01:37]} a5 {[%emt 0:00:25]} 7. c5 {[%emt 0:03:03]} b6 {[%emt 0:02:12]} 8. cxb6 {[%emt 0:00:07]} c5 {[%emt 0:06:00]} 9. dxc5 {[%emt 0:01:38]} Bxc5 {[%emt 0:00:12]} 10. Nc3 {[%emt 0:00:12]} Bxb6 {[%emt 0:01:33]} 11. Bf4 {[%emt 0:04:50]} Nc6 {[%emt 0:04:51]} 12. Na4 {[%emt 0:02:53]} Ba7 {[%emt 0:11:06]} 13. Rc1 {[%emt 0:01:39]} Bd7 {[%emt 0:01:16]} 14. Bd6 {[%emt 0:24:04]} Re8 {[%emt 0:01:45]} 15. Qb3 {[%emt 0:08:13]} Ne4 {[%emt 0:09:03]} 16. Bc5 {[%emt 0:10:24]} Rb8 {[%emt 0:02:43]} 17. Qa3 {[%emt 0:01:34]} Nxc5 {[%emt 0:09:33]} 18. Nxc5 {[%emt 0:00:33]} Bxc5 {[%emt 0:00:45]} 19. Rxc5 {[%emt 0:01:07]} Qb6 {[%emt 0:00:22]} 20. b3 {[%emt 0:02:37]} Qb4 {[%emt 0:01:31]} 21. Qxb4 {[%emt 0:03:02]} axb4 {[%emt 0:00:13]} 22. Rfc1 {[%emt 0:00:29]} Rb6 {[%emt 0:00:09]} 23. e3 {[%emt 0:01:28]} Ra8 {[%emt 0:03:12]} 24. Bf1 {[%emt 0:04:10]} Rab8 {[%emt 0:03:53]} 25. Bd3 {[%emt 0:04:49]} f5 {[%emt 0:11:04]} 26. h4 {[%emt 0:02:00]} Kf8 {[%emt 0:03:13]} 27. Nd4 {[%emt 0:03:41]} Ne5 {[%emt 0:02:23]} 28. Bxf5 {[%emt 0:00:37]} exf5 {[%emt 0:05:35]} 29. Rxd5 {[%emt 0:00:11]} Re8 {[%emt 0:00:05]} 30. Rc7 {[%emt 0:03:13]} Bc8 {[%emt 0:02:30]} 31. Rxc8 {[%emt 0:02:50]} Rxc8 {[%emt 0:00:34]} 32. Rxe5 {[%emt 0:00:03]} g6 {[%emt 0:01:27]} 33. Ne6+ {[%emt 0:02:08]} Kf7 {[%emt 0:02:21]} 34. Ng5+ {[%emt 0:00:06]} Kf6 {[%emt 0:01:16]} 35. Ra5 {[%emt 0:00:34]} Rc7 {[%emt 0:00:37]} 36. Kg2 {[%emt 0:00:23]} Rbb7 {[%emt 0:04:05]} 37. Ra6+ {[%emt 0:00:32]} Ke5 {[%emt 0:00:20]} 38. Ne6 {[%emt 0:01:25]} Re7 {[%emt 0:01:37]} 39. Nd8 {[%emt 0:00:16]} Ke4 {[%emt 0:04:35]} 40. Nxb7 {[%emt 0:01:27]} Rxb7 {[%emt 0:03:30]} 41. Rd6 {[%emt 0:00:00]} 1-0

[Event "BAN-chT Golden Jubilee 2021-22"]
[Site "Dhaka"]
[Date "2022.03.18"]
[Round "9.11"]
[White "Puranik, Abhimanyu"]
[Black "Mohammad Nubairshah Shaikh"]
[Result "1/2-1/2"]
[WhiteElo "2618"]
[BlackElo "2436"]
[Annotator "TA"]
[PlyCount "91"]
[EventDate "2022.03.10"]
[EventType "team-tourn"]
[EventCountry "BAN"]
[SourceTitle "playchess.com"]
[Source "ChessBase"]
[SourceQuality "1"]

{[%evp 18,91,10,-1,14,20,21,17,19,19,20,-21,-16,-11,2,3,0,0,22,33,57,0,0,0,0,0,0,0,0,-39,-15,-28,-59,-58,0,0,0,0,0,4,0,0,0,-2,0,0,0,0,0,5,7,0,0,0,0,0,10,2,2,-17,0,0,0,-7,0,0,0,0,0,0,0,0,0,0,0,0]} 1. Nf3 Nf6 2. c4 g6 3. Nc3 Bg7 4. g3 O-O 5. Bg2 c6 6. d4 d6 7. O-O Nbd7 8. e4 e5 9. d5 Nc5 10. Qc2 a5 {E68: King's Indian: Fianchetto: 6...Nbd7 7 0-0 e5 8 e4.} 11. Be3 cxd5 {[#] aiming for ...d4.} 12. Bxc5 dxc5 {[#]} 13. cxd5 $146 ({Predecessor:} 13. Nxd5 a4 14. Nc3 Qa5 15. Rad1 Ne8 16. Nd5 Kh8 17. Qd2 Nd6 18. Qc2 Ne8 19. Rd3 Nc7 20. Nxc7 Qxc7 21. Rfd1 Bg4 {½-½ (24) De Oliveira,M (2565)-Papenin,N (2616) ICCF email 2010}) 13... Ne8 14. Nb5 (14. Nd2 $142) 14... Bd7 $1 $11 15. Na3 ({But not} 15. Qxc5 $2 Rc8 16. Qe3 Bxb5 $19) 15... b5 16. Qxc5 Rc8 {[%cal Ba8c8,Bc8c2,Bc2b2][%mdl 32]} 17. Qe3 b4 18. Nb1 Rc2 19. Ne1 (19. Nbd2 $14) 19... Rxb2 20. Qc1 $1 Re2 {White must now prevent ...Nd6.} 21. Qc4 Bg4 22. h3 Nd6 {[%cal Be8d6,Bd6f5,Bf5d4][%mdl 32]} 23. Qd3 {[#]} (23. Qa6 $5 {[%cal Rh3g4]} Rxe4 24. hxg4 $16 (24. Bxe4 Bc8 $11)) 23... Rxe4 24. Bxe4 (24. hxg4 Rxe1) 24... Bxh3 25. Ng2 f5 (25... Bd7 $1 $15 26. Qe3 f5) 26. Nd2 $1 {The position is equal.} fxe4 27. Nxe4 Nf5 28. d6 {Threatens to win with Qd5+.} Nd4 29. f3 {Prevents Bg4.} Bd7 {...Bb5 is the strong threat. This bishop pair is nice.} 30. Rf2 Qb6 31. Qc4+ Be6 {[%cal Bd7e6,Be6d5,Bd5c6][%mdl 32]} 32. Qc5 Qxc5 33. Nxc5 Bd5 34. Ne3 Bc6 35. Rd1 Rd8 ({Resist} 35... Rxf3 36. Rxf3 Bxf3 37. Re1 $16) 36. Nc4 Bd5 37. Nxa5 {White wants to play Nab7.} Rxd6 38. Rd3 Rd8 {[%mdl 1024] Black has compensation.} 39. Kg2 g5 {Hoping for ...g4.} (39... Ra8 $5 40. Nab3 g5 $11) 40. g4 $1 Rf8 {[%cal Oh7h5]} 41. Nab3 h5 42. Nxd4 exd4 43. gxh5 g4 44. Kg3 gxf3 45. Rdxf3 Bxf3 46. Rxf3 {Weighted Error Value: White=0.05 (flawless) /Black=0.05 (flawless)} 1/2-1/2